| 000 | 00543nam a22002177a 4500 | ||
|---|---|---|---|
| 005 | 20170124110041.0 | ||
| 010 | _a314237 | ||
| 020 | _c00.00 | ||
| 035 | _a314237 | ||
| 037 | _bCen Lib/Ret | ||
| 040 |
_aDPL _bEN |
||
| 082 |
_a921 _bLEN |
||
| 100 |
_aPayne, Robert _923780 |
||
| 245 |
_aLenin / _cby Robert Payne |
||
| 260 |
_bSimon and schuster _c1964 _aNew York |
||
| 270 | _bNew York | ||
| 300 |
_a672p. _c21cm(Hb) |
||
| 650 |
_aBiography _97490 |
||
| 650 |
_aNationalist _9113724 |
||
| 942 |
_2ddc _cEN _h921 _mLEN |
||
| 999 |
_c128564 _d128564 |
||